[Event "Southfield (MEX/1)"]
[Site "?"]
[Date "1982.??.??"]
[Round "?"]
[White "Dowling, John"]
[Black "Poschel, Paul"]
[Result "1-0"]
[WhiteElo "2090"]
[BlackElo "2290"]
[PlyCount "101"]
[EventDate "1982.??.??"]

1. d4 d5 2. Nf3 Nf6 3. Bf4 c5 4. c3 Qb6 5. Qb3 c4 6. Qxb6 axb6 7. g3 e6 8. Bg2
b5 9. O-O Nc6 10. Nbd2 b4 11. e4 Be7 12. e5 Nd7 13. Bg5 f6 14. exf6 gxf6 15.
Bh6 bxc3 16. bxc3 Kf7 17. Nh4 Ra5 18. f4 f5 19. Nhf3 Nb6 20. Rfe1 Na4 21. Re3
Bd7 22. Rae1 Rha8 23. Bg5 Bf8 24. Bh3 h6 25. g4 Nb2 26. gxf5 exf5 27. Bh4 Nd3
28. Rb1 R8a7 29. Ne5+ Ncxe5 30. fxe5 Rxa2 31. Bg2 Nf4 32. Be1 Nxg2 33. Kxg2 h5
34. Rb6 Be6 35. Kf1 Bh6 36. Re2 R2a6 37. Rb5 f4 38. Nf3 Ra5 39. Rb6 Bh3+ 40.
Kf2 R5a6 41. Rxh6 Rxh6 42. Ng5+ Ke7 43. Nxh3 Kd7 44. Nxf4 Kc6 45. e6 Ra8 46.
Re5 Re8 47. Ke3 h4 48. Kf3 h3 49. Rxd5 Rf6 50. Re5 Kd6 51. Bg3 1-0

[Event "Southfield (MEX/3)"]
[Site "?"]
[Date "1982.??.??"]
[Round "?"]
[White "Dowling, John"]
[Black "Lindsay, F.."]
[Result "1/2-1/2"]
[WhiteElo "2090"]
[BlackElo "2270"]
[PlyCount "84"]
[EventDate "1982.??.??"]

1. d4 d5 2. Nf3 Nf6 3. Bf4 c5 4. c3 Qb6 5. Qb3 c4 6. Qxb6 axb6 7. Nbd2 Bf5 8.
Nh4 e6 9. f3 b5 10. g4 Bg6 11. Bg2 Nc6 12. O-O b4 13. Nxg6 hxg6 14. e4 Kd7 15.
Be5 Ne8 16. Bg3 Bd6 17. f4 Ra5 18. f5 gxf5 19. gxf5 Ke7 20. e5 Bc7 21. fxe6
fxe6 22. Rf4 bxc3 23. bxc3 Ra3 24. Nb1 Ra6 25. a3 Ba5 26. Bh4+ Kd7 27. Rf7+ Kc8
28. Be7 Nxe7 29. Rxe7 Bd8 30. Rf7 Bg5 31. Bf3 Rh4 32. Bd1 Rf4 33. Rxf4 Bxf4 34.
Ra2 Nc7 35. Rb2 Bc1 36. Rg2 Rb6 37. Bc2 Rb2 38. a4 Ra2 39. h4 Bh6 40. Kf1 Na8
41. Bf5 Ra1 42. Bxe6+ Kc7 1/2-1/2

[Event "Southfield (MEX/4)"]
[Site "?"]
[Date "1982.??.??"]
[Round "?"]
[White "Dowling, John"]
[Black "Barth, J.."]
[Result "1/2-1/2"]
[WhiteElo "2090"]
[BlackElo "2390"]
[PlyCount "54"]
[EventDate "1982.??.??"]

1. d4 Nf6 2. Nf3 e6 3. Bf4 b6 4. e3 Be7 5. h3 Bb7 6. Nbd2 O-O 7. Bd3 d6 8. O-O
Nbd7 9. c3 Re8 10. Qe2 Nf8 11. Ba6 Qc8 12. Bxb7 Qxb7 13. a4 a6 14. Bh2 Ng6 15.
e4 Bf8 16. e5 Nd5 17. Ng5 Be7 18. f4 Ndxf4 19. Bxf4 Nxf4 20. Rxf4 Bxg5 21. Rg4
Bxd2 22. Qxd2 h5 23. Rh4 dxe5 24. Qg5 exd4 25. Qxh5 f6 26. Rf1 Qd5 27. Qh7+ Kf7
1/2-1/2

[Event "East Lansing (MI Op/6)"]
[Site "?"]
[Date "1982.??.??"]
[Round "?"]
[White "Daniel, Aaron"]
[Black "Youssef, I.."]
[Result "1/2-1/2"]
[WhiteElo "2120"]
[BlackElo "2010"]
[PlyCount "68"]
[EventDate "1982.??.??"]

1. d4 d5 2. c4 e6 3. Nc3 Nf6 4. Bg5 Bb4 5. Rc1 O-O 6. Nf3 c6 7. e3 Nbd7 8. cxd5
exd5 9. Bd3 h6 10. Bh4 Re8 11. O-O Nb6 12. Ne5 Qd6 13. Ne2 Nbd7 14. a3 Ba5 15.
Bg3 Qf8 16. f4 Bd8 17. h3 Ne4 18. Bxe4 dxe4 19. Qb3 Bb6 20. Ng6 Qd6 21. f5 Qd5
22. Qxd5 cxd5 23. Ngf4 Nf6 24. Nc3 Bxf5 25. Ncxd5 Nxd5 26. Nxd5 Be6 27. Nxb6
axb6 28. Rc3 Rac8 29. Rfc1 Rxc3 30. Rxc3 Kf8 31. Bd6+ Kg8 32. Kf1 Rc8 33. Rxc8+
Bxc8 34. d5 f5 1/2-1/2

[Event "East Lansing (MI Op/1)"]
[Site "?"]
[Date "1982.??.??"]
[Round "?"]
[White "Daniel, Aaron"]
[Black "Beydoun, N.."]
[Result "1-0"]
[WhiteElo "2120"]
[BlackElo "1905"]
[PlyCount "47"]
[EventDate "1982.??.??"]

1. e4 c5 2. Nf3 d6 3. d4 cxd4 4. Nxd4 Nf6 5. Nc3 a6 6. Be2 e6 7. Bg5 Be7 8. O-O
Nbd7 9. Qd2 O-O 10. Rad1 Qc7 11. f4 b5 12. a3 Bb7 13. Bf3 Nb6 14. Kh1 Nc4 15.
Qc1 Nxa3 16. e5 Bxf3 17. Rxf3 dxe5 18. fxe5 Qxe5 19. Nc6 Qc7 20. Nxe7+ Qxe7 21.
bxa3 Rfd8 22. Rdf1 Qd7 23. Bxf6 gxf6 24. Qh6 1-0

[Event "East Lansing (MI Op/5)"]
[Site "?"]
[Date "1982.??.??"]
[Round "?"]
[White "Daniel, Aaron"]
[Black "Beaver, Andrew"]
[Result "1/2-1/2"]
[WhiteElo "2120"]
[BlackElo "2060"]
[PlyCount "39"]
[EventDate "1982.??.??"]

1. e4 e5 2. Nf3 Nf6 3. Bc4 Nxe4 4. O-O d5 5. Bb3 Be7 6. Nxe5 O-O 7. d4 c6 8.
Nd2 Bf5 9. Nxe4 Bxe4 10. c3 Nd7 11. f3 Bf5 12. Bf4 Nxe5 13. Bxe5 f6 14. Bg3 Bd6
15. Bxd6 Qxd6 16. Qd2 Rfe8 17. Rfe1 Kf7 18. g3 Rxe1+ 19. Rxe1 Re8 20. Kf2
1/2-1/2

[Event "East Lansing (MI Op/3)"]
[Site "?"]
[Date "1982.??.??"]
[Round "?"]
[White "Daniel, Aaron"]
[Black "Ahmadi, R.."]
[Result "0-1"]
[WhiteElo "2120"]
[BlackElo "1920"]
[PlyCount "80"]
[EventDate "1982.??.??"]

1. e4 Nf6 2. Nc3 d5 3. exd5 Nxd5 4. Nxd5 Qxd5 5. Nf3 Bg4 6. Be2 Nc6 7. O-O
O-O-O 8. d3 g6 9. h3 Bf5 10. Be3 Bg7 11. Nh4 e5 12. Bf3 e4 13. Nxf5 gxf5 14.
dxe4 Qe5 15. Qe1 fxe4 16. Be2 f5 17. Qc1 Nd4 18. Bd1 Ne6 19. c3 f4 20. Bd4 Nxd4
21. cxd4 Rxd4 22. Bg4+ Kb8 23. Re1 h5 24. Bf3 Qd5 25. Bd1 Rf8 26. f3 e3 27. Bb3
Qg5 28. Re2 Rfd8 29. Qf1 Rd2 30. Rd1 Qh4 31. Rexd2 Rxd2 32. Qc4 Rxd1+ 33. Bxd1
Qe1+ 34. Kh2 Qg3+ 35. Kh1 a6 36. Be2 Bxb2 37. a4 Bf6 38. Bf1 Qf2 39. Qg8+ Ka7
40. Kh2 e2 0-1

[Event "East Lansing (MI Op/1)"]
[Site "?"]
[Date "1982.??.??"]
[Round "?"]
[White "Dangremond, Leonard"]
[Black "Hale, M.."]
[Result "1-0"]
[WhiteElo "1920"]
[BlackElo "1615"]
[PlyCount "47"]
[EventDate "1982.??.??"]

1. e4 b6 2. d4 Bb7 3. Bd3 e6 4. Be3 Nf6 5. Nd2 d5 6. e5 Ne4 7. Bxe4 dxe4 8. Qg4
Qd5 9. Ne2 a5 10. Qg3 Qd7 11. Rd1 Na6 12. c3 g6 13. O-O c5 14. dxc5 Bxc5 15.
Nxe4 Qb5 16. Nf6+ Kf8 17. Rd2 Kg7 18. Rfd1 Bxe3 19. Qxe3 Qc5 20. Qg5 Qc7 21.
Nf4 Rad8 22. Rxd8 Rxd8 23. Rxd8 Qxd8 24. N6h5+ 1-0

[Event "East Lansing (MI Op/2)"]
[Site "?"]
[Date "1982.??.??"]
[Round "?"]
[White "Czuhai, Kevin"]
[Black "Turner, George"]
[Result "1/2-1/2"]
[WhiteElo "2225"]
[BlackElo "2030"]
[PlyCount "81"]
[EventDate "1982.??.??"]

1. e4 Nf6 2. e5 Nd5 3. c4 Nb6 4. c5 Nd5 5. Nc3 Nxc3 6. dxc3 e6 7. Qg4 Qe7 8.
Be3 Nc6 9. Nf3 d6 10. Bb5 Bd7 11. cxd6 cxd6 12. exd6 Qxd6 13. Rd1 Qc7 14. O-O
O-O-O 15. Bxc6 Bxc6 16. Rxd8+ Kxd8 17. Bxa7 Kc8 18. Bd4 h5 19. Qh3 Qf4 20. Be3
Qg4 21. Ng5 Qxh3 22. Nxh3 Be7 23. Bd4 f6 24. f4 Rd8 25. Re1 Kd7 26. Nf2 Bd6 27.
Nd3 Ke7 28. Kf2 Kf7 29. g3 Bb5 30. Re3 h4 31. b3 hxg3+ 32. hxg3 Rh8 33. Kg1 Bc6
34. Nf2 b5 35. Rd3 Bc7 36. Bc5 e5 37. fxe5 fxe5 38. Kf1 Ke6 39. Ke2 e4 40. Re3
Kf5 41. c4 1/2-1/2

[Event "East Lansing (MI Op/5)"]
[Site "?"]
[Date "1982.??.??"]
[Round "?"]
[White "Czuhai, Kevin"]
[Black "Beider, Andrew"]
[Result "0-1"]
[WhiteElo "2225"]
[BlackElo "2120"]
[PlyCount "70"]
[EventDate "1982.??.??"]

1. e4 c5 2. Nf3 d6 3. d4 cxd4 4. Nxd4 Nf6 5. Nc3 a6 6. Be3 Nc6 7. Be2 e5 8. Nb3
Be6 9. a4 Be7 10. O-O O-O 11. f4 exf4 12. Rxf4 Ne5 13. Nd4 Ng6 14. Rf2 Rc8 15.
Nxe6 fxe6 16. Bg4 Nxg4 17. Qxg4 Rxf2 18. Bxf2 Nf8 19. Qf3 Bf6 20. a5 Qc7 21.
Ra3 Qc6 22. h3 Rc7 23. Rb3 Rf7 24. Qg4 Be5 25. Be3 d5 26. exd5 exd5 27. Qd1 Rd7
28. Ne2 Qg6 29. Bf4 Bf6 30. Qd2 Ne6 31. Rb6 Qe4 32. Qe3 Nxf4 33. Qxe4 dxe4 34.
Nxf4 Bd4+ 35. Kf1 Bxb6 0-1

[Event "East Lansing (MI Op/4)"]
[Site "?"]
[Date "1982.??.??"]
[Round "?"]
[White "Craft, M.."]
[Black "Koster, Ed"]
[Result "1/2-1/2"]
[WhiteElo "1820"]
[BlackElo "2010"]
[PlyCount "44"]
[EventDate "1982.??.??"]

1. Nf3 d5 2. c4 dxc4 3. Na3 c5 4. Nxc4 Nc6 5. b3 e5 6. Bb2 f6 7. g3 Nge7 8. Bg2
Nd5 9. d3 Be7 10. O-O O-O 11. a3 Be6 12. Nh4 Qd7 13. Rb1 Rad8 14. Nf3 Kh8 15.
Ne1 Rf7 16. Nc2 g6 17. N2e3 Nd4 18. Bxd4 cxd4 19. Nxd5 Bxd5 20. Bxd5 Qxd5 21.
a4 f5 22. Qd2 b6 1/2-1/2

[Event "East Lansing (MI Op/7)"]
[Site "?"]
[Date "1982.??.??"]
[Round "?"]
[White "Craft, M.."]
[Black "Haluska, James"]
[Result "0-1"]
[WhiteElo "1820"]
[BlackElo "1915"]
[PlyCount "76"]
[EventDate "1982.??.??"]

1. Nf3 g6 2. g3 Bg7 3. Bg2 c5 4. d4 cxd4 5. Nxd4 Nc6 6. Nxc6 bxc6 7. O-O Ba6 8.
Nd2 d5 9. Nb3 Nf6 10. Nc5 Bc8 11. Nd3 O-O 12. c3 Re8 13. Qa4 e5 14. Nc5 Qd6 15.
b4 Bg4 16. f3 Be6 17. Bb2 Nd7 18. Nxd7 Qxd7 19. Rad1 Qc7 20. c4 dxc4 21. f4
Rac8 22. e4 Bg4 23. Rd2 Rcd8 24. Rxd8 Rxd8 25. Kh1 Be2 26. Re1 Bd3 27. f5 Qb6
28. fxg6 hxg6 29. Qa5 Qxa5 30. bxa5 f6 31. Bc3 Bf8 32. Bh3 Kf7 33. g4 g5 34.
Bf1 Bc5 35. Kg2 Bd4 36. Bxd3 cxd3 37. Bd2 Rb8 38. Kf3 c5 0-1

[Event "East Lansing (MI Op/3)"]
[Site "?"]
[Date "1982.??.??"]
[Round "?"]
[White "Craft, M.."]
[Black "Arganian, David G"]
[Result "1/2-1/2"]
[WhiteElo "1820"]
[BlackElo "1970"]
[PlyCount "41"]
[EventDate "1982.??.??"]

1. Nf3 d5 2. c4 dxc4 3. Na3 f6 4. Nxc4 e5 5. d3 Nc6 6. g3 Bg4 7. Ncd2 Qd7 8.
Bg2 O-O-O 9. O-O g5 10. Qa4 Kb8 11. Nc4 Nd4 12. Qa5 Nxe2+ 13. Kh1 Bxf3 14. Bxf3
Qxd3 15. Be3 b6 16. Qa4 Nd4 17. Rad1 Qf5 18. Bg2 Qd7 19. Qxd7 Rxd7 20. Bxg5 c5
21. Be3 1/2-1/2

[Event "East Lansing (MI Op/6)"]
[Site "?"]
[Date "1982.??.??"]
[Round "?"]
[White "Cooper, T.."]
[Black "Poschel, Paul"]
[Result "1/2-1/2"]
[WhiteElo "2100"]
[BlackElo "2305"]
[PlyCount "53"]
[EventDate "1982.??.??"]

1. Nf3 c5 2. b3 Nc6 3. e3 d5 4. Bb5 Bd7 5. Bb2 e6 6. O-O Nf6 7. Bxc6 Bxc6 8.
Ne5 Rc8 9. d3 Be7 10. Nd2 O-O 11. f4 Nd7 12. Qg4 g6 13. Ndf3 f5 14. Qg3 Nxe5
15. Nxe5 Bh4 16. Qh3 Bf6 17. g4 Bg7 18. g5 Qe7 19. Qg3 Rfd8 20. Rfe1 c4 21. Qf2
Bb5 22. dxc4 dxc4 23. Bd4 b6 24. Red1 Ba6 25. h4 Qb7 26. c3 Qe4 27. Qg2 1/2-1/2

[Event "East Lansing (MI Op/2)"]
[Site "?"]
[Date "1982.??.??"]
[Round "?"]
[White "Cooper, T.."]
[Black "Maring, L.."]
[Result "1-0"]
[WhiteElo "2100"]
[BlackElo "1965"]
[PlyCount "119"]
[EventDate "1982.??.??"]

1. Nf3 d5 2. b3 Nf6 3. Bb2 e6 4. e3 Be7 5. c4 c5 6. cxd5 exd5 7. d4 cxd4 8.
Nxd4 Nc6 9. a3 O-O 10. Be2 Nxd4 11. Bxd4 Bf5 12. O-O Qd7 13. b4 a6 14. Nc3 Rac8
15. Qb3 Ne4 16. Rfd1 Nxc3 17. Bxc3 Rxc3 18. Qxc3 Bf6 19. Qd2 Bxa1 20. Rxa1 Rc8
21. Bd3 Bxd3 22. Qxd3 Qc6 23. h3 g6 24. Rd1 Rd8 25. Qd4 f5 26. f3 Kf7 27. e4
Ke6 28. exf5+ gxf5 29. Re1+ Kf7 30. Qh4 Qb6+ 31. Kh1 Kg6 32. Re7 h6 33. Qg3+
Kh5 34. Qe5 Qg6 35. Re6 Qh7 36. Qf6 Rg8 37. g4+ fxg4 38. fxg4+ Rxg4 39. hxg4+
Kxg4 40. Qg6+ Qxg6 41. Rxg6+ Kf3 42. Rxh6 d4 43. Rb6 d3 44. Rxb7 d2 45. Rd7 Ke2
46. a4 d1=Q+ 47. Rxd1 Kxd1 48. b5 axb5 49. axb5 Ke2 50. b6 Ke3 51. b7 Ke4 52.
b8=Q Kf5 53. Qe8 Kf6 54. Kg2 Kg7 55. Kf3 Kh6 56. Kg4 Kg7 57. Kg5 Kh7 58. Qe7+
Kg8 59. Kg6 Kh8 60. Qe8# 1-0

[Event "East Lansing (MI Op/4)"]
[Site "?"]
[Date "1982.??.??"]
[Round "?"]
[White "Cooper, T.."]
[Black "Gajic, Z.."]
[Result "1/2-1/2"]
[WhiteElo "2100"]
[BlackElo "2320"]
[PlyCount "59"]
[EventDate "1982.??.??"]

1. Nf3 d5 2. b3 c5 3. e3 Bg4 4. Bb2 Nc6 5. Bb5 Nf6 6. h3 Bxf3 7. Qxf3 e6 8.
Bxc6+ bxc6 9. O-O Bd6 10. d3 Bc7 11. Qe2 e5 12. e4 Qe7 13. Nd2 O-O 14. Rfe1
Rae8 15. Nf1 g6 16. Bc1 Ba5 17. Rd1 Bc3 18. Rb1 Nh5 19. Bh6 Ng7 20. Ng3 f5 21.
exf5 gxf5 22. Nh5 e4 23. dxe4 Qxe4 24. Qd3 Be5 25. Bxg7 Bxg7 26. Nxg7 Kxg7 27.
Qc3+ Kh6 28. Re1 Qb4 29. Qxb4 cxb4 30. Kf1 1/2-1/2

[Event "East Lansing (MI Op/3)"]
[Site "?"]
[Date "1982.??.??"]
[Round "?"]
[White "Comstock, Ron"]
[Black "Wygrecki, J.."]
[Result "0-1"]
[WhiteElo "1695"]
[BlackElo "1920"]
[PlyCount "126"]
[EventDate "1982.??.??"]

1. c4 e5 2. Nc3 Nf6 3. Nf3 Nc6 4. e3 d5 5. cxd5 Nxd5 6. Qc2 Ndb4 7. Qb1 Bc5 8.
a3 Nd5 9. b4 Nxc3 10. dxc3 Bd6 11. c4 f6 12. c5 Be7 13. Bd3 g6 14. Bxg6+ hxg6
15. Qxg6+ Kf8 16. e4 Be6 17. Bh6+ Rxh6 18. Qxh6+ Ke8 19. Rd1 Nd4 20. Nxd4 exd4
21. Rd3 Bc4 22. Qh5+ Kf8 23. Qh8+ Kf7 24. Qh5+ Kf8 25. Rg3 f5 26. Qh8+ Kf7 27.
Rg7+ Ke6 28. Qh5 Qf8 29. exf5+ Kd7 30. Qg4 Qf6 31. f3 Qe5+ 32. Kf2 Qe3+ 33. Kg3
Qe5+ 34. f4 Qe3+ 35. Qf3 Rg8 36. Rxg8 Qxf3+ 37. Kxf3 Bxg8 38. g4 Bd5+ 39. Ke2
Bxh1 40. Kd3 Bf3 41. g5 Bg4 42. f6 Bxf6 43. gxf6 Ke6 44. f7 Kxf7 45. Kxd4 Ke6
46. h4 Kf5 47. Ke3 Bd1 48. Kd2 Ba4 49. Ke3 Bc6 50. h5 a6 51. h6 Kg6 52. Kd4
Kxh6 53. Ke5 Bd7 54. Kf6 Kh5 55. Ke7 Bb5 56. Kd8 c6 57. Kc7 Kg4 58. Kxb7 Kxf4
59. a4 Bxa4 60. Kxa6 Ke4 61. b5 Bxb5+ 62. Ka5 Kd4 63. Kb4 Be2 0-1

[Event "East Lansing (MI Op/1)"]
[Site "?"]
[Date "1982.??.??"]
[Round "?"]
[White "Comstock, Ron"]
[Black "Szczypka, Tom"]
[Result "1-0"]
[WhiteElo "1695"]
[BlackElo "1925"]
[PlyCount "53"]
[EventDate "1982.??.??"]

1. c4 e6 2. Nc3 d5 3. d4 g6 4. Nf3 Bg7 5. Bg5 f6 6. Bf4 g5 7. Bg3 h5 8. h4 g4
9. Nd2 c6 10. e4 Ne7 11. f3 f5 12. cxd5 Bxd4 13. d6 Ng6 14. exf5 exf5 15. Qe2+
Kf8 16. Qd3 Qf6 17. Be2 Bxc3 18. bxc3 Kg7 19. fxg4 hxg4 20. O-O-O Nd7 21. Rdf1
Nde5 22. Qd4 Re8 23. h5 Nf8 24. h6+ Kg8 25. Bh4 Qe6 26. Bc4 Nxc4 27. Qg7# 1-0

[Event "East Lansing (MI Op/7)"]
[Site "?"]
[Date "1982.??.??"]
[Round "?"]
[White "Comstock, Ron"]
[Black "Manion, Tom"]
[Result "0-1"]
[WhiteElo "1695"]
[BlackElo "1820"]
[PlyCount "58"]
[EventDate "1982.??.??"]

1. c4 e5 2. Nc3 Nf6 3. Nf3 Nc6 4. e3 Bb4 5. Qc2 b6 6. Nd5 Be7 7. a3 Bb7 8. Nxe7
Qxe7 9. Be2 h6 10. d3 O-O 11. O-O e4 12. Nd2 exd3 13. Bxd3 Ne5 14. Ne4 Nxd3 15.
Nxf6+ Qxf6 16. Qxd3 Rad8 17. e4 Qg6 18. f3 Kh8 19. Qc3 f5 20. e5 f4 21. b4 d6
22. Kf2 Qh5 23. Bb2 Qxh2 24. Rh1 Qg3+ 25. Kg1 dxe5 26. Qxe5 Rfe8 27. Qh5 Re1+
28. Rxe1 Qxe1+ 29. Kh2 Qg3+ 0-1

[Event "East Lansing (MI Op/6)"]
[Site "?"]
[Date "1982.??.??"]
[Round "?"]
[White "Comstock, Ron"]
[Black "Gaba, H.."]
[Result "1/2-1/2"]
[WhiteElo "1695"]
[BlackElo "1910"]
[PlyCount "194"]
[EventDate "1982.??.??"]

1. c4 Nf6 2. Nc3 g6 3. g3 d6 4. Bg2 Bg7 5. Nf3 c6 6. O-O O-O 7. Rb1 Nbd7 8. Qc2
e5 9. d3 Re8 10. b4 Nf8 11. b5 c5 12. Bb2 Qc7 13. Ng5 h6 14. Nge4 N8d7 15. Ba1
Nb6 16. Rb3 Nxe4 17. Bxe4 Be6 18. Rfb1 Qd7 19. a4 d5 20. cxd5 Bxd5 21. Nxd5
Nxd5 22. Qxc5 Nf6 23. Bg2 Bf8 24. Qc2 Rac8 25. Rc3 Rxc3 26. Bxc3 Nd5 27. Bd2
Bg7 28. Qb3 Ne7 29. Rc1 Nf5 30. Bh3 Rd8 31. Qc4 Qd4 32. Bxf5 Qxc4 33. Rxc4 gxf5
34. Be3 a6 35. Rc7 axb5 36. axb5 b6 37. Rb7 e4 38. Bxb6 Rd5 39. Rb8+ Kh7 40.
Bc7 exd3 41. exd3 Rxd3 42. b6 Rb3 43. Ra8 Bd4 44. Rd8 Bc5 45. Rd5 Bxb6 46. Bxb6
Rxb6 47. Rxf5 Kg6 48. Rd5 Ra6 49. h4 Rb6 50. Kg2 Rb3 51. Kh3 Rf3 52. Kg2 Rb3
53. f3 Ra3 54. g4 Rb3 55. Kg3 Ra3 56. Rd6+ Kg7 57. Kf4 Ra4+ 58. Ke5 Ra5+ 59.
Rd5 Ra6 60. h5 Re6+ 61. Kf4 Ra6 62. Ke5 Ra4 63. Kf5 Ra6 64. f4 Rf6+ 65. Ke4
Re6+ 66. Re5 Ra6 67. g5 hxg5 68. fxg5 Ra8 69. Kf5 Ra6 70. h6+ Kg8 71. Re8+ Kh7
72. Rf8 Rb6 73. Rxf7+ Kg8 74. Rf6 Rb8 75. Kg6 Ra8 76. h7+ Kh8 77. Kh6 Ra6 78.
Kg6 Ra8 79. Rf7 Ra6+ 80. Rf6 Ra8 81. Kf5 Kxh7 82. g6+ Kg8 83. Kg5 Ra1 84. Rf4
Rg1+ 85. Kf6 Ra1 86. Re4 Rf1+ 87. Kg5 Rg1+ 88. Kf5 Rf1+ 89. Rf4 Ra1 90. Kg5
Rg1+ 91. Kh5 Rh1+ 92. Rh4 Rg1 93. Kh6 Rb1 94. Rh5 Rg1 95. Rc5 Rh1+ 96. Rh5 Ra1
97. Rh4 Rb1 1/2-1/2

[Event "East Lansing (MI Op/4)"]
[Site "?"]
[Date "1982.??.??"]
[Round "?"]
[White "Collyer, R.."]
[Black "Turner, George"]
[Result "1/2-1/2"]
[WhiteElo "1855"]
[BlackElo "2030"]
[PlyCount "29"]
[EventDate "1982.??.??"]

1. e4 Nf6 2. Nc3 e5 3. Nf3 Nc6 4. Bb5 Bc5 5. O-O d6 6. d3 Bg4 7. h3 Bxf3 8.
Qxf3 O-O 9. Bxc6 bxc6 10. Na4 Bb6 11. Nxb6 cxb6 12. Bg5 Re8 13. Bxf6 Qxf6 14.
Qxf6 gxf6 15. f4 1/2-1/2

[Event "East Lansing (MI Op/6)"]
[Site "?"]
[Date "1982.??.??"]
[Round "?"]
[White "Collyer, R.."]
[Black "Small, L.."]
[Result "1/2-1/2"]
[WhiteElo "1855"]
[BlackElo "1805"]
[PlyCount "131"]
[EventDate "1982.??.??"]

1. e4 c5 2. c3 g6 3. d4 cxd4 4. cxd4 Bg7 5. Nf3 d6 6. Bb5+ Bd7 7. Bxd7+ Nxd7 8.
O-O e6 9. Nc3 a6 10. Qb3 Rb8 11. Bf4 Nb6 12. Be3 Nc8 13. a4 Nge7 14. d5 exd5
15. Nxd5 Nxd5 16. exd5 O-O 17. Rac1 Qa5 18. Bd2 Qb6 19. Qxb6 Nxb6 20. Bf4 Rfd8
21. b3 Nxd5 22. Bg3 Nc3 23. Rc2 Rbc8 24. Kh1 Ne4 25. Rfc1 Rxc2 26. Rxc2 Nxg3+
27. hxg3 Rd7 28. Rc8+ Bf8 29. Ng5 h6 30. Ne4 Kg7 31. Rc3 d5 32. Rd3 f5 33. Nc3
d4 34. Ne2 Kf6 35. f4 Bc5 36. Kg1 Ke6 37. Kf2 Kd5 38. Kf3 Kc6 39. g4 fxg4+ 40.
Kxg4 b5 41. axb5+ Kxb5 42. Kf3 Kb4 43. Ng3 a5 44. Ne4 Bb6 45. Nf6 Rd8 46. Ng4
Re8 47. Ne5 Rc8 48. Nc4 Ba7 49. Ne5 Rc3 50. Ke2 Rxd3 51. Kxd3 Kxb3 52. Nc4 a4
53. Nd2+ Kb2 54. Nc4+ Kc1 55. g3 Bc5 56. g4 a3 57. Nxa3 Bxa3 58. Kxd4 Kd2 59.
Ke4 Ke2 60. f5 gxf5+ 61. gxf5 Be7 62. Kf4 Kf2 63. Kg4 Kg2 64. Kh5 Bf8 65. Kg4
Kh2 66. f6 1/2-1/2

[Event "East Lansing (MI Op/3)"]
[Site "?"]
[Date "1982.??.??"]
[Round "?"]
[White "Collyer, R.."]
[Black "Noren, Kevin"]
[Result "1/2-1/2"]
[WhiteElo "1855"]
[BlackElo "2050"]
[PlyCount "58"]
[EventDate "1982.??.??"]

1. e4 e5 2. Nf3 Nc6 3. Nc3 g6 4. Bc4 Bg7 5. d3 Nge7 6. Bg5 h6 7. Be3 d6 8. Qd2
Nd4 9. O-O-O Nxf3 10. gxf3 c6 11. d4 Qc7 12. h4 a6 13. dxe5 dxe5 14. Bc5 Ng8
15. Qe3 Bd7 16. Bb6 Qc8 17. Qd3 Be6 18. Rd2 Bf6 19. Na4 Be7 20. Qb3 Bxc4 21.
Qxc4 Nf6 22. Nc5 O-O 23. Qc3 Bxc5 24. Bxc5 Re8 25. Be3 Kh7 26. Bc5 Nh5 27. Rhd1
Nf4 28. Qb3 Ne6 29. Bb6 Re7 1/2-1/2

[Event "Southfield (MEX/3)"]
[Site "?"]
[Date "1982.??.??"]
[Round "?"]
[White "Byer, L.."]
[Black "Kitts, Gary"]
[Result "1/2-1/2"]
[WhiteElo "2180"]
[BlackElo "2050"]
[PlyCount "57"]
[EventDate "1982.??.??"]

1. Nf3 Nf6 2. c4 g6 3. Nc3 Bg7 4. g3 d5 5. cxd5 Nxd5 6. Bg2 c5 7. Qb3 Nxc3 8.
bxc3 Nc6 9. O-O O-O 10. d3 Qc7 11. Rb1 Rb8 12. Be3 b6 13. c4 e5 14. Ng5 Bb7 15.
Ne4 Ba8 16. Nc3 Ne7 17. Bxa8 Rxa8 18. Bd2 Qd6 19. a4 Rab8 20. Ne4 Qd7 21. a5
Nc6 22. axb6 axb6 23. Bh6 Rfd8 24. Bg5 Rdc8 25. Bf6 Qe6 26. Bxg7 Kxg7 27. Qb2
Nd4 28. e3 Nf3+ 29. Kg2 1/2-1/2

[Event "Southfield (MEX/1)"]
[Site "?"]
[Date "1982.??.??"]
[Round "?"]
[White "Byer, L.."]
[Black "Finegold, Ben"]
[Result "0-1"]
[WhiteElo "2180"]
[BlackElo "2065"]
[PlyCount "104"]
[EventDate "1982.??.??"]

1. c4 e6 2. g3 Nf6 3. Bg2 d5 4. b3 Be7 5. Bb2 O-O 6. Nf3 c5 7. O-O Nc6 8. d3 b6
9. Nbd2 Bb7 10. Rc1 Rc8 11. Re1 d4 12. Nf1 Qc7 13. e4 Nd7 14. Rc2 e5 15. a3
Rce8 16. Bc1 f5 17. exf5 Rxf5 18. g4 Rf7 19. Ng3 Ref8 20. Nd2 Na5 21. Bxb7 Qxb7
22. Nf5 Qc6 23. Rb2 Bd8 24. Qf3 Qg6 25. Qg3 Nf6 26. h3 Nh5 27. Qxe5 Rxf5 28.
Qe6+ Qxe6 29. Rxe6 R5f6 30. Rxf6 Nxf6 31. b4 Nb7 32. Kg2 Re8 33. Nf3 Bc7 34.
Bg5 Nd7 35. b5 h6 36. Bd2 Ne5 37. Nxe5 Bxe5 38. f4 Bc7 39. Kf3 Nd6 40. a4 Rf8
41. Bc1 Nf7 42. Ke4 Re8+ 43. Kd5 Nd8 44. a5 g5 45. axb6 axb6 46. Rf2 Kg7 47. h4
gxh4 48. Rh2 Rf8 49. Ke4 Ne6 50. Rxh4 Nxf4 51. Rh1 Re8+ 52. Kf5 Re5+ 0-1

[Event "Southfield (MEX/5)"]
[Site "?"]
[Date "1982.??.??"]
[Round "?"]
[White "Byer, L.."]
[Black "Dowling, John"]
[Result "1/2-1/2"]
[WhiteElo "2180"]
[BlackElo "2090"]
[PlyCount "35"]
[EventDate "1982.??.??"]

1. c4 e6 2. g3 f5 3. Bg2 Nf6 4. Nf3 Be7 5. O-O O-O 6. d4 d6 7. Nc3 Qe8 8. Re1
Qh5 9. Nd2 e5 10. e3 Qg6 11. Qb3 c6 12. f4 e4 13. d5 c5 14. Qc2 h5 15. a3 h4
16. Nf1 Kf7 17. b4 b6 18. bxc5 1/2-1/2

[Event "Ann Arbor (MI Futurity/8)"]
[Site "?"]
[Date "1982.??.??"]
[Round "?"]
[White "Buchholz, M.."]
[Black "Whitehouse, D.."]
[Result "1-0"]
[WhiteElo "2165"]
[BlackElo "2290"]
[PlyCount "95"]
[EventDate "1982.??.??"]

1. e4 e6 2. d4 d5 3. e5 c5 4. c3 Nc6 5. Nf3 Qb6 6. Be2 cxd4 7. cxd4 Nge7 8. Nc3
Nf5 9. Na4 Qa5+ 10. Bd2 Bb4 11. Bc3 b5 12. a3 Bxc3+ 13. Nxc3 b4 14. axb4 Qxb4
15. Bb5 Bd7 16. Bxc6 Bxc6 17. Qd2 Bb5 18. Nxb5 Qxb5 19. Ra5 Qb6 20. O-O O-O 21.
Rc1 Rab8 22. Rc2 Qb4 23. Rxa7 Qxd2 24. Rxd2 Rfc8 25. g4 Nh6 26. h3 Rb6 27. Rc2
Rbb8 28. Rxc8+ Rxc8 29. b4 Kf8 30. Rb7 Rc3 31. Kg2 Rb3 32. b5 f5 33. Ng5 fxg4
34. Nxe6+ Kg8 35. hxg4 g6 36. f3 Kh8 37. Ng5 Kg8 38. Rxh7 Rxb5 39. Rxh6 Rb4 40.
Rxg6+ Kh8 41. Ne6 Kh7 42. Rf6 Kh8 43. Kg3 Kh7 44. Kf4 Rb1 45. Kg5 Rg1 46. Rf7+
Kg8 47. Rg7+ Kh8 48. Ra7 1-0

[Event "Ann Arbor (MI Futurity/5)"]
[Site "?"]
[Date "1982.??.??"]
[Round "?"]
[White "Buchholz, M.."]
[Black "Poschel, Paul"]
[Result "1/2-1/2"]
[WhiteElo "2165"]
[BlackElo "2255"]
[PlyCount "141"]
[EventDate "1982.??.??"]

1. d4 d5 2. c4 dxc4 3. Nf3 Nf6 4. e3 Bg4 5. Bxc4 e6 6. h3 Bh5 7. Nc3 Nbd7 8.
Qe2 Bd6 9. e4 e5 10. d5 Bxf3 11. Qxf3 O-O 12. O-O Qe7 13. Bg5 a6 14. Rfd1 Rfd8
15. Rac1 h6 16. Bh4 g5 17. Bg3 Nf8 18. Rd2 Ng6 19. Nd1 Nf4 20. Ne3 Ne8 21. Rdc2
Ng7 22. Bf1 Kh7 23. Bh2 Qf6 24. Ng4 Qe7 25. g3 Ng6 26. Be2 Ne8 27. Rc3 Rab8 28.
Kh1 Bb4 29. Rc4 Ba5 30. Ne3 Nd6 31. Nf5 Qf6 32. Nxd6 Qxf3+ 33. Bxf3 cxd6 34.
Bg4 Kg7 35. f3 Ne7 36. Bg1 Rf8 37. Bf5 Kf6 38. g4 h5 39. a3 b5 40. R4c2 hxg4
41. Bxg4 b4 42. a4 b3 43. Rc4 Rb7 44. Be3 Rfb8 45. Kg2 Kg6 46. Kf2 Rh8 47. Rg1
f6 48. Be6 Rh5 49. Ke2 Rb8 50. Bf2 Rbh8 51. Rcc1 f5 52. h4 Kf6 53. hxg5+ Rxg5
54. Rxg5 Kxg5 55. Rg1+ Kf6 56. Kd3 fxe4+ 57. Kxe4 Ng6 58. Be3 Nf4 59. Bxf4 exf4
60. Rg2 Rb8 61. Kxf4 Rb4+ 62. Ke3 Rxa4 63. Kd3 Rf4 64. Bc8 Bb6 65. Bxa6 Rxf3+
66. Kc4 Bc5 67. Re2 Re3 68. Rxe3 Bxe3 69. Kxb3 Ke7 70. Kc4 Kd7 71. Bb5+ 1/2-1/2

[Event "Ann Arbor (MI Futurity/4)"]
[Site "?"]
[Date "1982.??.??"]
[Round "?"]
[White "Buchholz, M.."]
[Black "Kensek, R.."]
[Result "1-0"]
[WhiteElo "2165"]
[BlackElo "2220"]
[PlyCount "47"]
[EventDate "1982.??.??"]

1. d4 Nf6 2. c4 e6 3. Nf3 c5 4. d5 exd5 5. cxd5 d6 6. Nc3 g6 7. e4 Bg7 8. Be2
O-O 9. O-O Bg4 10. Bf4 Qe7 11. Nd2 Bxe2 12. Qxe2 Nh5 13. Be3 Nd7 14. g4 Nhf6
15. f3 Ne5 16. h3 Ne8 17. f4 Nd7 18. Rae1 Nc7 19. e5 dxe5 20. f5 e4 21. Ndxe4
Nxd5 22. Bg5 Bd4+ 23. Kg2 Qe5 24. Qf3 1-0